How to use the uniform residential appraisal report (Record no. 208528)

MARC details
000 -LEADER
fixed length control field 00855nam a2200241Ia 4500
008 - FIXED-LENGTH DATA ELEMENTS--GENERAL INFORMATION
fixed length control field 191130s2006##################000#0#eng##
020 ## - INTERNATIONAL STANDARD BOOK NUMBER
ISBN 9780793195718
082 ## - DEWEY DECIMAL CLASSIFICATION NUMBER
Classification number 333.3382 WIL
100 ## - MAIN ENTRY--AUTHOR NAME
Personal name Williams, Martha R
245 ## - TITLE STATEMENT
Title How to use the uniform residential appraisal report
Statement of responsibility, etc Martha R. Williams, William L. Ventolo, Jr
250 ## - EDITION STATEMENT
Edition statement 3rd ed
260 ## - PUBLICATION, DISTRIBUTION, ETC. (IMPRINT)
Place of publication Chicago, IL
Name of publisher Dearborn Real Estate Education
Year of publication c2006
300 ## - PHYSICAL DESCRIPTION
Number of Pages xi, 177 p. : ill., maps ; 28 cm
500 ## - GENERAL NOTE
General note Includes index
650 ## - SUBJECT ADDED ENTRY--TOPICAL TERM
Topical Term Dwellings - Valuation - Standards - United States - Handbooks, manuals, etc
Topical Term Real property - Valuation - Standards - United States - Handbooks, manuals, etc
700 ## - ADDED ENTRY--PERSONAL NAME
Personal name Ventolo, William L
991 ## -
-- 199083
Holdings
Withdrawn status Lost status Damaged status Not for loan Home library Current library Shelving location Date acquired Full call number Accession Number Price effective from Koha item type
        Anna Centenary Library Anna Centenary Library 4TH FLOOR, A WING 13.10.2020 333.3382 WIL 449527 13.10.2020 English Books

Find us on the map